000 00727nam a2200205Ia 4500
003 GCL
008 140319s9999 xx 000 0 ara d
040 _aGCL /
_cGCL
082 0 4 _a330.9
_bي م
100 1 _aمحمد غرس الدين
245 1 0 _aمدخل الى التقلبات الاقتصادية /
_cمحمد غرس الدين
700 1 _aياسر محمد جادالله
260 _aالقاهرة :
_bمطبعة الاسراء ،
_c2005
300 _a361 ص ؛
_c24 سم
650 0 4 _aالاقتصاد المالى
650 0 4 _aمصر - الاحوال الاقتصادية
650 0 4 _aالاقتصاد - الاحوال الاقتصادية
650 0 4 _aالاقتصاد - تخطيط
942 _2ddc
_cBK
999 _c7380
_d7380